Asia development outlook 1999.
| Corporate Author: | |
|---|---|
| Format: | Book |
| Published: |
Quarry Bay, Hong Kong:
Oxford University Press,
1999.
|
| Subjects: |
| LEADER | 00526cam a2200169 7i4500 | ||
|---|---|---|---|
| 001 | 0000007827 | ||
| 005 | 20000726090000.0 | ||
| 020 | 0 | 0 | |a 0195920104 |
| 090 | 0 | 0 | |a ASIA 338.9 |b ASI (N-2) |
| 245 | 0 | 0 | |a Asia development outlook 1999. |
| 260 | 0 | 0 | |a Quarry Bay, Hong Kong: |b Oxford University Press, |c 1999. |
| 300 | # | # | |a 264 p. |
| 650 | 0 | 0 | |a Asia -- |x Economic conditions |
| 650 | 0 | 0 | |a Economic forecasting -- |z Asia |
| 651 | 0 | 0 | |a Asia |
| 710 | 1 | 2 | |a Asia Development Bank |
| 999 | |a B000011221 |b Annual Reports |c Regions |e Business Information Centre | ||


